000 00828nam a2200289 i 4500
001 5703
003 ES-MaBCM
005 20241016091003.0
008 890419s1983 fra 000 0 fre d
021 _axx
035 _a(OCoLC)1365145080
040 _cES-MaBCM
041 0 _afre
043 _afra
110 1 _aFrancia
_951868
_bPremier Ministre
245 1 0 _aFonction publique
_b: droit syndical et organismes consultatifs
_cPremier Ministre
250 _a[1ª ed.]
_b(reimpresion 1984)
260 _aParis :
_bJournal Officiel de la République Française,
_c1983
300 _a186 p
440 0 _aBrochure nº 1534
_995489
650 2 7 _aFuncionario
_958755
650 2 7 _aComisión paritaria
_957988
650 2 7 _aSindicato
_960261
651 4 _aFrancia
_9115364
655 4 _aLegislación
_959194
942 _cBK
999 _c5703
_d5703